000 00693nam a2200277Ia 4500
005 20260324133055.0
008 008 260324s9999 xx 000 0 eng d
020 _a9780203788554
037 _aEBOOK
040 _aCRL
040 _beng
040 _cCRL
041 _2eng
041 _aeng
084 _qCRL
100 _aDaphne Gottlieb Taras; James T. Bennett; Anthony M. Townsend
_91191695
245 0 _aInformation Technology and the World of Work
260 _bTaylor and Francis
260 _c2004
365 _a
365 _b230
856 _uhttp://www.taylorfrancis.com/books/9780203788554
942 _cEBOOK
999 _c1790412
_d1790412